| Tag |
First Indicator |
Second Indicator |
Subfields |
| LEADER |
00000cam a2200000 a 4500 |
| 001 |
in00000653021 |
| 005 |
20151015070411.0 |
| 008 |
801217s1980 njua 00001 engm |
| 010 |
|
|
|a 77071268
|
| 020 |
|
|
|a 0916688054 (pbk.) :
|c $7.95
|
| 035 |
|
|
|a (OCoLC)07168141
|
| 035 |
|
|
|9 ACW6619AM
|
| 040 |
|
|
|a DLC
|c DLC
|d m.c.
|d TXA
|d UtOrBLW
|
| 049 |
|
|
|a TXAM
|c [951474]
|
| 050 |
0 |
0 |
|a PS648.C65
|b T3
|
| 082 |
0 |
|
|a 813/.01
|2 19
|
| 245 |
0 |
0 |
|a Tales of the marvelous machine :
|b 35 stories of computing /
|c edited by Robert Taylor & Burchenal Green.
|
| 264 |
|
1 |
|a Morristown, N.J. :
|b Creative Computing Press,
|c 1980.
|
| 300 |
|
|
|a 260 pages :
|b illustrations ;
|c 28 cm.
|
| 336 |
|
|
|a text
|b txt
|2 rdacontent
|
| 337 |
|
|
|a unmediated
|b n
|2 rdamedia
|
| 338 |
|
|
|a volume
|b nc
|2 rdacarrier
|
| 650 |
|
0 |
|a Computers
|v Fiction.
|
| 700 |
1 |
|
|a Taylor, Robert,
|d 1935-
|
| 700 |
1 |
|
|a Green, Burchenal.
|
| 999 |
|
|
|a MARS
|
| 999 |
f |
f |
|s c77bb026-7dfd-3f5b-a8f7-a13a5edce381
|i bad3566d-f17e-3cdd-8e24-4405b0a2b1b5
|t 0
|
| 952 |
f |
f |
|p ric
|a Texas A&M University
|b Rellis Campus
|c Joint Library Facility
|d Remote Storage
|t 0
|e PS648.C65 T3
|h Library of Congress classification
|i unmediated -- volume
|m A14804043659
|
| 998 |
f |
f |
|a PS648.C65 T3
|t 0
|l Remote Storage
|